|
|
|
|
| LEADER |
00000nam a2200000 4500 |
| 001 |
vtls011894114 |
| 003 |
SK-MaSNL |
| 005 |
20260301145522.0 |
| 008 |
200316s2019 xo o gr 000 s slo |
| 015 |
|
|
|a SNBA2019/11
|
| 020 |
|
|
|a 9788057008910
|q (viazané)
|
| 035 |
|
|
|a urn:nbn:sk:snk-am00dj6r
|
| 035 |
|
|
|a urn:nbn:sk:snk-am3i3z0
|
| 035 |
|
|
|a EF85C25C-D208-4820-8841-AAFC346425AD
|
| 040 |
|
|
|a SNK
|b slo
|c SNK
|e rda
|
| 041 |
0 |
|
|a slo
|
| 044 |
|
|
|a xo
|c SK
|
| 072 |
|
7 |
|a 32
|x Politika
|2 konspekt
|
| 080 |
|
|
|a 32-051
|2 2011
|
| 080 |
|
|
|a (042.5)
|2 2011
|
| 110 |
1 |
|
|a Slovensko.
|b Prezident (2014-2019 : Kiska)
|4 aut
|9 56156
|
| 245 |
1 |
0 |
|a 50 vybraných príhovorov prezidenta Andreja Kisku
|b 2014-2019 : vybrané príhovory z vyše tisíc prijatí v Prezidentskom paláci a vyše päťsto pracovných ciest do regiónov a do zahraničia
|c fotografie: Marián Garaj
|
| 246 |
3 |
|
|a Päťdesiat vybraných príhovorov prezidenta Andreja Kisku
|
| 250 |
|
|
|a 1. vydanie
|
| 264 |
|
1 |
|a Bratislava
|b Kancelária prezidenta Slovenskej republiky
|c 2019
|
| 300 |
|
|
|a 367 strán
|b fotografie
|
| 336 |
|
|
|a text
|b txt
|2 rdacontent
|
| 337 |
|
|
|a bez média
|b n
|2 rdamedia
|
| 338 |
|
|
|a zväzok
|b nc
|2 rdacarrier
|
| 600 |
1 |
7 |
|a Kiska, Andrej,
|d 1963-
|2 SNKMA
|9 116882
|
| 648 |
|
7 |
|a 2014-2019
|2 SNKPH
|9 420790
|
| 650 |
0 |
7 |
|a prezidenti
|2 SNKPH
|9 4128
|
| 650 |
0 |
7 |
|a Presidents
|2 SNKPHeng
|9 277474
|
| 655 |
|
7 |
|a príhovory
|2 SNKPH
|9 75648
|
| 655 |
|
7 |
|a Speeches
|2 SNKPHeng
|9 275814
|
| 655 |
|
7 |
|a prejavy
|2 SNKPH
|9 70401
|
| 700 |
1 |
|
|a Garaj, Marián
|4 pht
|9 330834
|
| 852 |
|
|
|a Štátna vedecká knižnica v Banskej Bystrici
|
| 919 |
|
|
|a 978-80-570-0891-0
|
| 999 |
|
|
|c 780441
|d 782371
|
| 952 |
|
|
|a SNK
|b SNK
|y PREZ
|7 0
|p 17A1390623
|o snkSC 186176
|i snk2019/26279
|8 0
|0 0
|1 0
|4 0
|d 2019-10-16
|f 1
|l 0
|r 2026-02-24 01:02:56
|w 2026-02-24
|
| 952 |
|
|
|a SNK
|b SNK
|y VYP
|7 0
|p 17A1390827
|o snkSC 186176 D1
|i snk2019/26281
|8 0
|z Poškodený exemplár
|0 0
|1 0
|4 0
|d 2019-10-16
|l 0
|r 2026-02-24 01:02:56
|w 2026-02-24
|